[Event "Panamericano Sub 20 - Absoluto -"]
[Site "Montevideo"]
[Date "2009.10.10"]
[Round "7"]
[White "Diamant, André"]
[Black "Cóppola, Claudio"]
[Result "1-0"]
[WhiteElo "2526"]
[BlackElo "2105"]
[PlyCount "81"]
[EventDate "2009.10.??"]
[EventType "swiss"]
[EventRounds "9"]
[EventCountry "URU"]
[SourceDate "2009.10.06"]

1. e4 e5 2. Nf3 Nc6 3. Bb5 a6 4. Ba4 Nf6 5. O-O Nxe4 6. d4 b5 7. Bb3 d5 8. dxe5
Be6 9. Nbd2 Nc5 10. c3 Be7 11. Bc2 Bg4 12. h3 Bh5 13. Re1 Qd7 14. Nf1 Rd8 15.
Ng3 Bg6 16. Nd4 Nxd4 17. cxd4 Ne6 18. Nf5 O-O 19. f4 Bb4 20. Rf1 Bxf5 21. Bxf5
Qe7 22. Kh1 Ba5 23. Be3 c5 24. dxc5 d4 25. Bf2 g6 26. Bxe6 fxe6 27. Qg4 Rd5 28.
a3 Bd2 29. Bh4 Qd7 30. Rad1 Be3 31. b4 a5 32. Bf6 Ra8 33. h4 Qf7 34. Rf3 Kf8
35. h5 gxh5 36. Qh3 Ra7 37. f5 Ra6 38. fxe6 Rxe6 39. Bg7+ Kxg7 40. Rxf7+ Kxf7
41. Qf3+ 1-0

[Event "Panamericano Sub 20 - Absoluto -"]
[Site "Montevideo"]
[Date "2009.10.10"]
[Round "7"]
[White "Macias, Bryan"]
[Black "Pulvett, Daniel"]
[Result "1/2-1/2"]
[WhiteElo "2363"]
[BlackElo "2237"]
[PlyCount "150"]
[EventDate "2009.10.??"]
[EventType "swiss"]
[EventRounds "9"]
[EventCountry "URU"]
[SourceDate "2009.10.06"]

1. e4 c5 2. Nf3 e6 3. d4 cxd4 4. Nxd4 a6 5. c4 Qc7 6. Nc3 Nf6 7. Be2 b6 8. Be3
Bb7 9. f3 d6 10. O-O Be7 11. Kh1 O-O 12. a4 Nbd7 13. a5 bxa5 14. Nb3 Rab8 15.
Nxa5 Ba8 16. Qd2 Rfe8 17. Rfc1 Bf8 18. Bf1 Ne5 19. Na4 g6 20. b4 Bg7 21. b5
Nfd7 22. b6 Nxb6 23. Nxb6 Rxb6 24. Bxb6 Qxb6 25. Rab1 Qc7 26. Nb3 Qe7 27. Rd1
Rd8 28. Qf2 g5 29. c5 d5 30. exd5 Bxd5 31. Be2 Qf6 32. Qe3 h5 33. Nd2 g4 34.
Ne4 Qg6 35. f4 Nc6 36. Nd6 Bd4 37. Qg3 f5 38. Bc4 h4 39. Qxh4 Bf6 40. Qf2 g3
41. Qe3 Bxc4 42. Nxc4 Bd4 43. Qxg3 Qxg3 44. hxg3 Kf7 45. Rb7+ Kg6 46. Rxd4 Rxd4
47. Nb6 e5 48. Rc7 Nb4 49. fxe5 Re4 50. Re7 Nd3 51. Nd7 Re1+ 52. Kh2 Nf2 53.
Nf8+ Kh6 54. g4 Nxg4+ 55. Kg3 Rxe5 56. Rh7+ Kg5 57. Rg7+ Kf6 58. Ra7 Re3+ 59.
Kh4 Rc3 60. Rxa6+ Kf7 61. Nd7 Ke7 62. c6 Ne3 63. Kg5 Nxg2 64. Nf6 Ne3 65. Ra7+
Kd6 66. Ne8+ Ke6 67. Nc7+ Ke5 68. Ra5+ Ke4 69. Ra4+ Rc4 70. Rxc4+ Nxc4 71. Ne6
Nd6 72. c7 Kd5 73. Nd8 Nc8 74. Kxf5 Kd6 75. Ne6 Ne7+ 1/2-1/2

[Event "Panamericano Sub 20 - Absoluto -"]
[Site "Montevideo"]
[Date "2009.10.10"]
[Round "7"]
[White "Vázquez Reyes, Raúl"]
[Black "Krysa, Leandro"]
[Result "1/2-1/2"]
[WhiteElo "2137"]
[BlackElo "2284"]
[PlyCount "59"]
[EventDate "2009.10.??"]
[EventType "swiss"]
[EventRounds "9"]
[EventCountry "URU"]
[SourceDate "2009.10.06"]

1. e4 c5 2. Nf3 e6 3. d4 cxd4 4. Nxd4 a6 5. Nc3 Qc7 6. g3 Nf6 7. Bg2 Be7 8. O-O
d6 9. Re1 O-O 10. a4 Nc6 11. Be3 Rb8 12. h3 Bd7 13. f4 b6 14. g4 Nxd4 15. Bxd4
e5 16. Be3 exf4 17. Bxf4 Be6 18. Kh1 Nd7 19. Qd2 Rbc8 20. Nd5 Bxd5 21. exd5 Bf6
22. c3 Be5 23. Be3 Rfe8 24. Qf2 Re7 25. Bg5 Ree8 26. Be3 Rb8 27. Bf1 Qb7 28.
Bg2 Re7 29. Bg5 Ree8 30. Be3 1/2-1/2

[Event "Panamericano Sub 20 - Absoluto -"]
[Site "Montevideo"]
[Date "2009.10.10"]
[Round "7"]
[White "Vaz, Leonardo"]
[Black "Mamani, Joan"]
[Result "0-1"]
[WhiteElo "2028"]
[BlackElo "2060"]
[PlyCount "88"]
[EventDate "2009.10.??"]
[EventType "swiss"]
[EventRounds "9"]
[EventCountry "URU"]
[SourceDate "2009.10.06"]

1. e4 Nc6 2. Nf3 e5 3. Bb5 Nge7 4. c3 g6 5. d3 Bg7 6. Bg5 a6 7. Ba4 h6 8. Be3
O-O 9. Nbd2 f5 10. Bb3+ Kh8 11. h4 d6 12. Bg5 fxe4 13. dxe4 Bg4 14. Qc2 Qd7 15.
Be3 Na5 16. Nh2 Nxb3 17. Qxb3 Be6 18. Qc2 b5 19. Rd1 Nc6 20. f3 a5 21. Ndf1 a4
22. Qb1 b4 23. Qc1 Kh7 24. c4 Nd4 25. Bxd4 exd4 26. Ng3 b3 27. Ne2 c5 28. axb3
axb3 29. Nf4 Ra4 30. Nd5 Bxd5 31. exd5 Qe7+ 32. Kf2 Qxh4+ 33. g3 Qf6 34. Rd3
Qf5 35. Rxb3 Kg8 36. Kg2 Ra1 37. Qd2 Rxh1 38. Kxh1 Re8 39. Ng4 Qb1+ 40. Kg2 Re1
41. Rb8+ Kh7 42. Nf2 Rg1+ 43. Kh3 Qf1+ 44. Kh4 Rg2 0-1

[Event "Panamericano Sub 20 - Absoluto -"]
[Site "Montevideo"]
[Date "2009.10.10"]
[Round "7"]
[White "Michailov, Matías"]
[Black "Arcos Facio, Mateo"]
[Result "0-1"]
[WhiteElo "1886"]
[BlackElo "2109"]
[PlyCount "64"]
[EventDate "2009.10.??"]
[EventType "swiss"]
[EventRounds "9"]
[EventCountry "URU"]
[SourceDate "2009.10.06"]

1. e4 e5 2. Nf3 Nc6 3. Bb5 f5 4. Nc3 fxe4 5. Nxe4 Nf6 6. Nxf6+ Qxf6 7. Qe2 Be7
8. Bxc6 dxc6 9. Nxe5 Bf5 10. O-O O-O-O 11. b3 Bxc2 12. Bb2 Bd6 13. Rac1 Bxe5
14. Qxe5 Qxe5 15. Bxe5 Rxd2 16. Rfe1 Bg6 17. Rcd1 Rhd8 18. Rxd2 Rxd2 19. Bxg7
Rxa2 20. h4 Rd2 21. Re7 Rd7 22. Rxd7 Kxd7 23. g4 c5 24. Kg2 Bc2 25. Kg3 Bxb3
26. Kf4 b5 27. Kg5 c4 28. Kh6 b4 29. Kxh7 c3 30. Bd4 a5 31. Kg7 a4 32. h5 a3
0-1

[Event "Panamericano Sub 20 - Absoluto -"]
[Site "Montevideo"]
[Date "2009.10.10"]
[Round "7"]
[White "Izquierdo, Sebastián"]
[Black "Carbone, Diego"]
[Result "0-1"]
[WhiteElo "2018"]
[BlackElo "1912"]
[PlyCount "106"]
[EventDate "2009.10.??"]
[EventType "swiss"]
[EventRounds "9"]
[EventCountry "URU"]
[SourceDate "2009.10.06"]

1. d4 Nf6 2. Nf3 c5 3. d5 e6 4. c4 exd5 5. cxd5 d6 6. g3 g6 7. Nc3 Bg7 8. Bg2
O-O 9. O-O a6 10. a4 Re8 11. Nd2 Nbd7 12. h3 Rb8 13. a5 b5 14. axb6 Nxb6 15.
Qc2 Bb7 16. e4 Qc7 17. Kh2 Nfd7 18. f4 c4 19. Nf3 Nc5 20. Rb1 Nbd7 21. Ne1 Nb3
22. Be3 Ndc5 23. Rf2 Bc8 24. f5 gxf5 25. Bxc5 Qxc5 26. exf5 Nd4 27. Qa4 Bxf5
28. Rd1 Bg6 29. Qxa6 Nb5 30. Rf3 Nxc3 31. bxc3 Be4 32. Rf4 Rb2 33. Qa4 Re7 34.
Qa8+ Bf8 35. Rd4 Bg6 36. Rxc4 Qa7 37. Qxa7 Rxa7 38. Ra4 Re7 39. Rf1 Bh6 40. Rb4
Ra2 41. Kh1 Ree2 42. Rb8+ Kg7 43. Rb7 Bd2 44. Nf3 Bxc3 45. Rb3 Bf6 46. Ne1 Be4
47. Rb4 Bxg2+ 48. Nxg2 Be5 49. Rg1 h5 50. g4 h4 51. g5 Bg3 52. Rg4 Rad2 53. Rf1
Rxg2 0-1

[Event "Panamericano Sub 20 - Absoluto -"]
[Site "Montevideo"]
[Date "2009.10.10"]
[Round "7"]
[White "Meza, Hugo"]
[Black "Silveira, Shubert"]
[Result "1-0"]
[WhiteElo "2276"]
[BlackElo "2065"]
[PlyCount "51"]
[EventDate "2009.10.??"]
[EventType "swiss"]
[EventRounds "9"]
[EventCountry "URU"]
[SourceDate "2009.10.06"]

1. d4 Nf6 2. Bg5 e6 3. e4 Be7 4. Nd2 d5 5. e5 Nfd7 6. Bxe7 Qxe7 7. Qg4 g6 8.
Ngf3 b6 9. h4 h5 10. Qf4 Ba6 11. c4 c6 12. Be2 c5 13. O-O Bb7 14. dxc5 bxc5 15.
Rfe1 Nc6 16. cxd5 exd5 17. Bb5 a6 18. e6 fxe6 19. Bxc6 Bxc6 20. Qc7 Bb5 21. a4
Bd3 22. Qc6 O-O 23. Rxe6 Qf7 24. Rae1 Rac8 25. Qd6 Bf5 26. Ng5 1-0

[Event "Panamericano Sub 20 - Absoluto -"]
[Site "Montevideo"]
[Date "2009.10.10"]
[Round "7"]
[White "Sanguinetti, Luis"]
[Black "Cucchi, Nicolás"]
[Result "1-0"]
[WhiteElo "2116"]
[BlackElo "1963"]
[PlyCount "125"]
[EventDate "2009.10.??"]
[EventType "swiss"]
[EventRounds "9"]
[EventCountry "URU"]
[SourceDate "2009.10.06"]

1. c4 g6 2. Nc3 Bg7 3. g3 e5 4. Bg2 d6 5. Nf3 Nc6 6. O-O f5 7. d3 Nf6 8. Rb1
O-O 9. b4 h6 10. Ne1 Ne7 11. Nc2 c6 12. d4 Be6 13. d5 cxd5 14. cxd5 Bf7 15. Ne3
Rc8 16. Qb3 f4 17. Ned1 g5 18. e4 Ng6 19. Ne2 Qd7 20. f3 Nh5 21. g4 Nf6 22. Nf2
Nh4 23. b5 Nxg2 24. Kxg2 h5 25. h3 hxg4 26. hxg4 Bg6 27. Nc3 Kf7 28. Ba3 Rh8
29. Rh1 Rxh1 30. Rxh1 Ne8 31. Rc1 Ra8 32. Qc4 Rc8 33. Qa4 Ra8 34. Qb4 Kg8 35.
Na4 Rc8 36. Rxc8 Qxc8 37. Nb2 Bf8 38. Nc4 Be7 39. Nd3 Kf8 40. Kf2 Bf7 41. Ke2
Qd7 42. Bb2 Nf6 43. Nf2 Ne8 44. a4 Qc8 45. Ba3 Qc7 46. Nd3 Kg7 47. Kd2 Kf8 48.
a5 Qc8 49. Ncxe5 Nf6 50. Nxf7 Kxf7 51. Qd4 Nxg4 52. fxg4 Qxg4 53. e5 Qg2+ 54.
Kc3 f3 55. Bxd6 Bxd6 56. exd6 Qf1 57. Ne5+ Ke8 58. Qe3 Qa1+ 59. Kd3 Qb1+ 60.
Kd4 Qa1+ 61. Ke4 f2 62. d7+ Kd8 63. Qxg5+ 1-0

[Event "Panamericano Sub 20 - Absoluto -"]
[Site "Montevideo"]
[Date "2009.10.10"]
[Round "7"]
[White "Ibañez Iglesias, Rodrigo"]
[Black "Hurtado, Matías"]
[Result "1/2-1/2"]
[WhiteElo "1934"]
[BlackElo "1920"]
[PlyCount "55"]
[EventDate "2009.10.??"]
[EventType "swiss"]
[EventRounds "9"]
[EventCountry "URU"]
[SourceDate "2009.10.06"]

1. e4 c5 2. Nf3 e6 3. d4 cxd4 4. Nxd4 a6 5. Nc3 Qc7 6. Be2 Nf6 7. O-O b5 8. f3
Bb7 9. Be3 Nc6 10. Kh1 Rc8 11. Nb3 d6 12. a3 Be7 13. Qe1 O-O 14. Rd1 Rfd8 15.
Qf2 Qb8 16. Bb6 Rd7 17. Rd2 Bd8 18. Be3 Bc7 19. Rfd1 h6 20. Qh4 Ne5 21. Bd4 Ng6
22. Qf2 Nh5 23. Bf1 Rcd8 24. Be3 Nf6 25. Bd4 Nh5 26. Be3 Nf6 27. Bd4 Nh5 28.
Be3 1/2-1/2

[Event "Panamericano Sub 20 - Absoluto -"]
[Site "Montevideo"]
[Date "2009.10.10"]
[Round "7"]
[White "Carlo, Daniel"]
[Black "Decuadro, Sebastián"]
[Result "0-1"]
[WhiteElo "2091"]
[BlackElo "2034"]
[PlyCount "64"]
[EventDate "2009.10.??"]
[EventType "swiss"]
[EventRounds "9"]
[EventCountry "URU"]
[SourceDate "2009.10.06"]

1. e4 c5 2. Nf3 d6 3. d4 cxd4 4. Nxd4 Nf6 5. Nc3 a6 6. Be3 e5 7. Nb3 Be6 8. f3
Be7 9. Qd2 O-O 10. O-O-O Nbd7 11. g4 b5 12. Ne2 Nb6 13. Ng3 d5 14. Nc5 d4 15.
Nxe6 fxe6 16. Qg2 Nc4 17. Bxc4 bxc4 18. c3 Qa5 19. cxd4 Qxa2 20. Qc2 Rab8 21.
Qb1 Qb3 22. Kd2 exd4 23. Bxd4 Qxf3 24. Rhf1 Qxg4 25. Qc2 Qg5+ 26. Ke2 Qh4 27.
Rf2 Ng4 28. Rg2 Nxh2 29. Nf5 Qh5+ 30. Kd2 Nf3+ 31. Kc1 Bg5+ 32. Ne3 Nxd4 0-1

[Event "Panamericano Sub 20 - Absoluto -"]
[Site "Montevideo"]
[Date "2009.10.11"]
[Round "8"]
[White "García Guerrero, Isaac"]
[Black "Tristán, Leonardo"]
[Result "0-1"]
[WhiteElo "2156"]
[BlackElo "2412"]
[PlyCount "94"]
[EventDate "2009.10.??"]
[EventType "swiss"]
[EventRounds "9"]
[EventCountry "URU"]
[SourceDate "2009.10.06"]

1. d4 d6 2. e4 Nf6 3. Nc3 g6 4. Bg5 Bg7 5. e5 Nfd7 6. f4 O-O 7. Nf3 f6 8. exf6
exf6 9. Bh4 Nb6 10. Be2 d5 11. O-O Nc6 12. a4 a5 13. Re1 Ne7 14. Bd3 c6 15. Qe2
Nf5 16. Bf2 Qd6 17. Nh4 Nxh4 18. Bxh4 Qxf4 19. Bg3 Qg4 20. Qe7 Bd7 21. Qc5 Nc8
22. Nxd5 cxd5 23. Qxd5+ Kh8 24. Re4 Qf5 25. Re5 fxe5 26. Bxf5 Bc6 27. Qc5 Rxf5
28. d5 Bf8 29. Bxe5+ Kg8 30. Qd4 b6 31. Kh1 Bc5 32. Qc4 Bd7 33. d6+ Kf8 34. Qe4
Rb8 35. Re1 Nxd6 36. Qh4 Kg8 37. Qh6 Rxe5 38. Rxe5 Nf7 39. Qf4 Nxe5 40. Qxe5
Re8 41. Qd5+ Be6 42. Qc6 Bf7 43. h3 Re1+ 44. Kh2 Kg7 45. c3 g5 46. b4 Bg1+ 47.
Kg3 h5 0-1

[Event "Panamericano Sub 20 - Absoluto -"]
[Site "Montevideo"]
[Date "2009.10.11"]
[Round "8"]
[White "Mamani, Joan"]
[Black "Diamant, André"]
[Result "0-1"]
[WhiteElo "2060"]
[BlackElo "2526"]
[PlyCount "68"]
[EventDate "2009.10.??"]
[EventType "swiss"]
[EventRounds "9"]
[EventCountry "URU"]
[SourceDate "2009.10.06"]

1. e4 c5 2. Nf3 e6 3. g3 Nc6 4. Bg2 Nf6 5. Nc3 d6 6. O-O Be7 7. d4 cxd4 8. Nxd4
O-O 9. Nxc6 bxc6 10. e5 Nd5 11. Nxd5 cxd5 12. exd6 Bxd6 13. Be3 Qc7 14. Qd2 Rb8
15. Rab1 a5 16. Rfc1 Ba6 17. Bd4 Rfc8 18. f4 a4 19. Kf2 Bb7 20. Qe3 Re8 21. c3
f6 22. Bb6 Qc6 23. Ke1 e5 24. f5 Qd7 25. Qf2 d4 26. Ba5 Qb5 27. Bb4 Bxb4 28.
cxb4 Qxb4+ 29. Kf1 e4 30. Qe2 Qb6 31. Qc4+ Kh8 32. Qc5 Ba6+ 33. Ke1 Bd3 34.
Qxb6 Rxb6 0-1

[Event "Panamericano Sub 20 - Absoluto -"]
[Site "Montevideo"]
[Date "2009.10.11"]
[Round "8"]
[White "Carbone, Diego"]
[Black "Macias, Bryan"]
[Result "0-1"]
[WhiteElo "1912"]
[BlackElo "2363"]
[PlyCount "96"]
[EventDate "2009.10.??"]
[EventType "swiss"]
[EventRounds "9"]
[EventCountry "URU"]
[SourceDate "2009.10.06"]

1. c4 c5 2. Nf3 Nf6 3. Nc3 b6 4. g3 Bb7 5. Bg2 e6 6. O-O Be7 7. d4 cxd4 8. Qxd4
d6 9. Rd1 a6 10. b3 Nbd7 11. e4 Qc7 12. Ba3 Nc5 13. e5 dxe5 14. Nxe5 Bxg2 15.
Kxg2 O-O 16. Qe3 Rfc8 17. f3 h5 18. b4 Nb7 19. Rac1 Nd6 20. c5 Nf5 21. Qe2 bxc5
22. bxc5 Rd8 23. Re1 Rd4 24. Nb1 Nd5 25. Nc4 Bg5 26. Bb2 Bxc1 27. Bxd4 Nxd4 28.
Qd3 Qxc5 29. Rxc1 Rc8 30. Nbd2 Nf5 31. Re1 Qb5 32. Rb1 Qa4 33. Qb3 Qd7 34. Kh1
Nd6 35. Nxd6 Qxd6 36. Ne4 Qc6 37. Qb2 Qc2 38. Nd6 Qxb2 39. Rxb2 Rd8 40. Nc4 Nc3
41. Kg2 Rd4 42. Ne5 Nb5 43. Kf2 f6 44. Nc6 Ra4 45. Nb4 Nd4 46. Nc2 Nb5 47. Nb4
Nc3 48. Ke3 Nd1+ 0-1

[Event "Panamericano Sub 20 - Absoluto -"]
[Site "Montevideo"]
[Date "2009.10.11"]
[Round "8"]
[White "Krysa, Leandro"]
[Black "Arcos Facio, Mateo"]
[Result "1/2-1/2"]
[WhiteElo "2284"]
[BlackElo "2109"]
[PlyCount "103"]
[EventDate "2009.10.??"]
[EventType "swiss"]
[EventRounds "9"]
[EventCountry "URU"]
[SourceDate "2009.10.06"]

1. d4 Nf6 2. c4 g6 3. Nc3 Bg7 4. e4 d6 5. Nf3 O-O 6. Be2 e5 7. O-O Nc6 8. d5
Ne7 9. b4 Ne8 10. a4 f5 11. a5 Nf6 12. Bg5 Nh5 13. exf5 Bxf5 14. Nd2 Nf4 15.
Nde4 h6 16. Bxe7 Qxe7 17. Re1 Rf7 18. c5 h5 19. b5 Raf8 20. b6 axb6 21. axb6
Bh6 22. Bf1 Qh4 23. bxc7 Rxc7 24. Ra2 dxc5 25. d6 Rc6 26. Qb3+ Be6 27. Qxb7
Rcc8 28. Ra6 Rf7 29. Qb2 Rcf8 30. Ra5 Nd5 31. Rxc5 Be3 32. Rxd5 Bxf2+ 33. Nxf2
Rxf2 34. Qb1 Bxd5 35. Nxd5 Rxf1+ 36. Rxf1 Qd4+ 37. Ne3 Qxe3+ 38. Kh1 Rxf1+ 39.
Qxf1 Qd4 40. h3 Qxd6 41. Qb5 Qe7 42. Qd5+ Kh7 43. Kg1 Qa7+ 44. Kf1 Qa6+ 45. Ke1
Qf6 46. Ke2 Kh6 47. Qg8 h4 48. Qc4 Qf5 49. Qxh4+ Qh5+ 50. Qxh5+ Kxh5 51. Kf3
Kh4 52. Ke4 1/2-1/2

[Event "Panamericano Sub 20 - Absoluto -"]
[Site "Montevideo"]
[Date "2009.10.11"]
[Round "8"]
[White "Pulvett, Daniel"]
[Black "Vázquez Reyes, Raúl"]
[Result "1-0"]
[WhiteElo "2237"]
[BlackElo "2137"]
[PlyCount "90"]
[EventDate "2009.10.??"]
[EventType "swiss"]
[EventRounds "9"]
[EventCountry "URU"]
[SourceDate "2009.10.06"]

1. e4 c5 2. Nc3 d6 3. f4 g6 4. Nf3 Bg7 5. Bc4 Nc6 6. O-O Nf6 7. d3 O-O 8. Qe1
e6 9. Bb3 d5 10. e5 Nd7 11. Ne2 b5 12. c3 a5 13. Bc2 Ba6 14. g4 f6 15. exf6
Qxf6 16. d4 b4 17. Ba4 Rac8 18. Be3 Bxe2 19. Qxe2 cxd4 20. cxd4 Nb6 21. Bb5 Nc4
22. Bxc6 Rxc6 23. Ne5 Nxe5 24. fxe5 Qe7 25. Rxf8+ Qxf8 26. Rf1 Qb8 27. Qf3 Qa7
28. h4 Rc7 29. Qe2 Rf7 30. Rc1 Rc7 31. Rd1 Qb6 32. h5 b3 33. a3 Qc6 34. Rf1 Qc2
35. Qf3 Qe4 36. Qxe4 dxe4 37. Rc1 Rxc1+ 38. Bxc1 gxh5 39. gxh5 Kf7 40. a4 Bf8
41. Bd2 Ba3 42. Bc3 Be7 43. Bxa5 Bg5 44. Kf2 Ke7 45. Bb4+ Kd7 1-0

[Event "Panamericano Sub 20 - Absoluto -"]
[Site "Montevideo"]
[Date "2009.10.11"]
[Round "8"]
[White "Diaz, Ciro"]
[Black "Meza, Hugo"]
[Result "1-0"]
[WhiteElo "2323"]
[BlackElo "2276"]
[PlyCount "35"]
[EventDate "2009.10.??"]
[EventType "swiss"]
[EventRounds "9"]
[EventCountry "URU"]
[SourceDate "2009.10.06"]

1. e4 c5 2. Nf3 Nc6 3. d4 cxd4 4. Nxd4 g6 5. Nc3 Bg7 6. Be3 Nf6 7. Bc4 O-O 8.
Bb3 a5 9. O-O a4 10. Nxa4 Nxe4 11. Nb5 Ra6 12. c4 d6 13. Qe2 Nf6 14. Rad1 Bd7
15. c5 d5 16. Nb6 e6 17. Bf4 Ne4 18. Nxd7 1-0

[Event "Panamericano Sub 20 - Absoluto -"]
[Site "Montevideo"]
[Date "2009.10.11"]
[Round "8"]
[White "Uribe, Daniel"]
[Black "Sanguinetti, Luis"]
[Result "1/2-1/2"]
[WhiteElo "2264"]
[BlackElo "2116"]
[PlyCount "88"]
[EventDate "2009.10.??"]
[EventType "swiss"]
[EventRounds "9"]
[EventCountry "URU"]
[SourceDate "2009.10.06"]

1. e4 e6 2. d3 d5 3. Qe2 Be7 4. Nf3 Nf6 5. g3 O-O 6. Bg2 c5 7. O-O Nc6 8. e5
Nd7 9. c4 f6 10. exf6 Nxf6 11. Nc3 Nd4 12. Nxd4 cxd4 13. Nb5 dxc4 14. Bf4 Ne8
15. dxc4 a6 16. Na3 Rxf4 17. gxf4 Bd6 18. Qe4 Qh4 19. Rfd1 Bxf4 20. Rxd4 e5 21.
Qd5+ Kf8 22. Qc5+ Kf7 23. Rxf4+ Qxf4 24. Bd5+ Kg6 25. Re1 Nf6 26. Re3 Bf5 27.
Qe7 e4 28. Rg3+ Bg4 29. h3 h5 30. hxg4 h4 31. Qf7+ Kh7 32. Rg2 Qc1+ 33. Kh2
Qf4+ 34. Kh1 Rd8 35. g5 Nxd5 36. Qh5+ Kg8 37. cxd5 e3 38. fxe3 Qxe3 39. Qxh4
Rxd5 40. g6 Rd1+ 41. Kh2 Qe5+ 42. Rg3 Qe2+ 43. Rg2 Qe5+ 44. Rg3 Qe2+ 1/2-1/2

[Event "Panamericano Sub 20 - Absoluto -"]
[Site "Montevideo"]
[Date "2009.10.11"]
[Round "8"]
[White "Cóppola, Claudio"]
[Black "Izquierdo, Sebastián"]
[Result "1-0"]
[WhiteElo "2105"]
[BlackElo "2018"]
[PlyCount "117"]
[EventDate "2009.10.??"]
[EventType "swiss"]
[EventRounds "9"]
[EventCountry "URU"]
[SourceDate "2009.10.06"]

1. d4 Nf6 2. c4 e6 3. g3 c5 4. Nf3 cxd4 5. Nxd4 d5 6. Bg2 e5 7. Nf3 d4 8. O-O
Nc6 9. e3 Be7 10. exd4 exd4 11. Bf4 O-O 12. Ne5 Qb6 13. Qb3 Qxb3 14. axb3 Nb4
15. Na3 Nh5 16. Bd2 Na6 17. Nc2 Nc5 18. Nxd4 Bf6 19. Rfe1 g6 20. Bb4 Bxe5 21.
Bxc5 Bxd4 22. Bxd4 a6 23. Re7 Rd8 24. Bc3 Bd7 25. Ba5 Kf8 26. Bxd8 Rxd8 27.
Ree1 Be6 28. Bxb7 Rb8 29. Bxa6 Rxb3 30. Re2 Ng7 31. c5 Nf5 32. Rd2 Ke7 33. c6
Rb6 34. g4 Nh4 35. Be2 Rxc6 36. b4 h5 37. gxh5 gxh5 38. Bxh5 Rc8 39. Rd3 Rb8
40. Rd4 Rg8+ 41. Kf1 Nf5 42. Rf4 Rh8 43. Bg4 Rxh2 44. Ra7+ Kf6 45. Bxf5 Bxf5
46. Ra5 Rh5 47. b5 Ke6 48. Rb4 Kd6 49. Ra7 Bd3+ 50. Ke1 Kc5 51. Rb3 Kc4 52.
Raa3 Re5+ 53. Kd1 Be2+ 54. Kd2 Bg4 55. f3 Bd7 56. b6 Rd5+ 57. Rd3 Bc6 58. Rxd5
Bxd5 59. Ra7 1-0

[Event "Panamericano Sub 20 - Absoluto -"]
[Site "Montevideo"]
[Date "2009.10.11"]
[Round "8"]
[White "Decuadro, Sebastián"]
[Black "Ibañez Iglesias, Rodrigo"]
[Result "1-0"]
[WhiteElo "2034"]
[BlackElo "1934"]
[PlyCount "29"]
[EventDate "2009.10.??"]
[EventType "swiss"]
[EventRounds "9"]
[EventCountry "URU"]
[SourceDate "2009.10.06"]

1. e4 e5 2. Nf3 d6 3. d4 exd4 4. Qxd4 Nf6 5. Bg5 Be7 6. Nc3 O-O 7. O-O-O a6 8.
e5 dxe5 9. Qh4 Nbd7 10. Bd3 g6 11. Rhe1 Re8 12. Nxe5 Nh5 13. Nxf7 Bxg5+ 14.
Nxg5 Rxe1 15. Bc4+ 1-0

[Event "Panamericano Sub 20 - Absoluto -"]
[Site "Montevideo"]
[Date "2009.10.11"]
[Round "8"]
[White "Cucchi, Nicolás"]
[Black "Vaz, Leonardo"]
[Result "1-0"]
[WhiteElo "1963"]
[BlackElo "2028"]
[PlyCount "91"]
[EventDate "2009.10.??"]
[EventType "swiss"]
[EventRounds "9"]
[EventCountry "URU"]
[SourceDate "2009.10.06"]

1. d4 Nf6 2. c4 e6 3. Nc3 d5 4. cxd5 exd5 5. Bg5 Be7 6. e3 O-O 7. Bd3 Nbd7 8.
Qc2 c6 9. Nf3 Re8 10. O-O Nf8 11. Rab1 Ng4 12. Bf4 Bd6 13. Bxd6 Qxd6 14. h3 Nf6
15. b4 a6 16. a4 Be6 17. Rfc1 Rec8 18. Nd2 Ng6 19. Nb3 Nd7 20. f4 f5 21. Bxf5
Bxf5 22. Qxf5 Re8 23. Qd3 Nb6 24. Nd2 Re7 25. Nf3 Rd8 26. Ne5 Nxe5 27. dxe5 Qe6
28. Ne2 Nxa4 29. Qd4 b5 30. Nc3 c5 31. bxc5 Nxc3 32. Rxc3 Qc6 33. Rd1 Red7 34.
f5 Re7 35. e4 Qe8 36. e6 Qf8 37. Re3 Ree8 38. exd5 Qxf5 39. Re5 Qf6 40. Rf1 Qg6
41. e7 Rd7 42. d6 h6 43. Qd5+ Kh7 44. Qe4 Qxe4 45. Rxe4 Kg6 46. Re6+ 1-0

[Event "Panamericano Sub 20 - Absoluto -"]
[Site "Montevideo"]
[Date "2009.10.11"]
[Round "8"]
[White "Carlo, Daniel"]
[Black "González Reyes, Gabriel"]
[Result "1-0"]
[WhiteElo "2091"]
[BlackElo "1917"]
[PlyCount "97"]
[EventDate "2009.10.??"]
[EventType "swiss"]
[EventRounds "9"]
[EventCountry "URU"]
[SourceDate "2009.10.06"]

1. Nf3 d5 2. d3 Nf6 3. Nbd2 Bf5 4. g3 Nc6 5. c4 d4 6. b4 Nxb4 7. Qa4+ Nc6 8.
Rb1 Qd7 9. Rxb7 e6 10. Nb3 Nd8 11. Rb5 c6 12. Ra5 c5 13. Bg2 Qxa4 14. Rxa4 Rc8
15. Rxa7 Nc6 16. Ra4 Bd6 17. Ba3 Nd7 18. Nfxd4 Nxd4 19. Nxd4 Be5 20. Nb5 O-O
21. O-O Rfd8 22. Rb1 Nb6 23. Ra7 Nxc4 24. Bc1 Bg6 25. a4 Rb8 26. Bf4 Bxf4 27.
gxf4 Nd6 28. Rc7 c4 29. f5 Bxf5 30. e4 Bg6 31. dxc4 Nxe4 32. Re1 Nd2 33. Na7
Kf8 34. a5 Nb3 35. Nc6 Rbc8 36. Rxc8 Rxc8 37. a6 Nc5 38. a7 Ra8 39. Re5 Nd7 40.
Ra5 Nb6 41. c5 Nc8 42. Rb5 Nxa7 43. Ra5 Rc8 44. Rxa7 f6 45. Nd4 Bf7 46. c6 e5
47. Nb5 Be6 48. c7 Ke7 49. Bb7 1-0

[Event "Panamericano Sub 20 - Absoluto -"]
[Site "Montevideo"]
[Date "2009.10.12"]
[Round "9"]
[White "Diamant, André"]
[Black "Ibarra Chami, Luis"]
[Result "1-0"]
[WhiteElo "2526"]
[BlackElo "2393"]
[PlyCount "103"]
[EventDate "2009.10.??"]
[EventType "swiss"]
[EventRounds "9"]
[EventCountry "URU"]
[SourceDate "2009.10.06"]

1. e4 e5 2. Nf3 Nc6 3. Bb5 a6 4. Ba4 Nf6 5. d3 d6 6. c3 Be7 7. O-O O-O 8. Re1
Bg4 9. Nbd2 b5 10. Bb3 d5 11. h3 Bh5 12. Qe2 Qd6 13. Nf1 d4 14. Ng3 Bg6 15. Nh4
Rad8 16. Ngf5 Qd7 17. Rd1 Na5 18. cxd4 exd4 19. Bg5 Rde8 20. Qf3 Bd8 21. Bd2 c5
22. Rac1 Nb7 23. Re1 Bc7 24. Bg5 Be5 25. Bxf6 Bxf6 26. Bd5 Bg5 27. Qg4 Qd8 28.
Bxb7 Bxc1 29. Rxc1 Qf6 30. Bd5 Rc8 31. Re1 Kh8 32. e5 Qd8 33. Nd6 Rc7 34. Qg3
Bxd3 35. Qxd3 Qxh4 36. Re4 Qh5 37. Qg3 Re7 38. b4 c4 39. Rxd4 Rxe5 40. Bxf7
Re1+ 41. Kh2 Qh6 42. Bxc4 Qc1 43. Nf7+ Kg8 44. Nh6+ Kh8 45. Qd6 Rh1+ 46. Kg3
Qg5+ 47. Rg4 Qf6 48. Qxf6 Rxf6 49. Nf7+ Kg8 50. Bb3 g6 51. Rd4 Rc1 52. Ng5+ 1-0

[Event "Panamericano Sub 20 - Absoluto -"]
[Site "Montevideo"]
[Date "2009.10.12"]
[Round "9"]
[White "Gallego, Andrés"]
[Black "Tristán, Leonardo"]
[Result "0-1"]
[WhiteElo "2404"]
[BlackElo "2412"]
[PlyCount "60"]
[EventDate "2009.10.??"]
[EventType "swiss"]
[EventRounds "9"]
[EventCountry "URU"]
[SourceDate "2009.10.06"]

1. e4 e5 2. Nf3 Nc6 3. Bb5 a6 4. Ba4 Nf6 5. O-O Be7 6. Re1 b5 7. Bb3 d6 8. c3
O-O 9. h3 Na5 10. Bc2 d5 11. exd5 e4 12. Ng5 Nxd5 13. Nxe4 f5 14. b4 fxe4 15.
bxa5 Bc5 16. Rxe4 Bxf2+ 17. Kh1 Bg3 18. d4 Bf5 19. Ba3 Rf7 20. Qg1 Bxe4 21.
Bxe4 c6 22. Nd2 Qxa5 23. Bb2 Rf2 24. Nb3 Qc7 25. Ba3 Nxc3 26. Bf3 Re8 27. Bb4
Ne2 28. Qb1 Bd6 29. Ba5 Qf7 30. Qd3 Qf4 0-1